Bravo - The Hits 2020 - Statistiken

Allgemein
  • Dieses Quiz wurde 189 mal gespielt
  • Das Durchschnittsergebnis liegt bei 12 aus 48
Antwortstatistiken
Song Interpret % Korrekt
Blinding Lights The Weeknd
95%
Roller Apache 207
74%
Savage Love Jawsh 685 & Jason Derulo
61%
Take You Dancing Jason Derulo
60%
Bist Du Okay Mark Forster X Vize
59%
Don't Start Now Dua Lipa
57%
Übermorgen Mark Forster
57%
Rain On Me Lady Gaga feat. Ariana Grande
51%
Salt Ava Max
45%
Holy Justin Bieber feat. Chance The Rapper
37%
Before You Go Lewis Capaldi
35%
Let's Love David Guetta feat. Sia
33%
7 Stunden Lea feat. Capital Bra
33%
Everything I Wanted Billie Eilish
31%
Close Your Eyes Felix Jaehn & Vize feat. Miss Li
28%
Andere Welt Capital Bra x Clueso x KC Rebell
27%
Running Back To You Martin Jensen, Alle Farben & Nico Santos
27%
Diamonds Sam Smith
27%
Wonder Shawn Mendes
27%
Control Zoe Wees
26%
In Your Eyes Robin Schulz feat. Alida
24%
Beautiful Madness Michael Patrick Kelly
23%
Tick Tock Clean Bandit & Mabel feat. 24kgoldn
21%
Never Let Me Down Vize & Tom Gregory
20%
Mood 24kgoldn feat. Iann Dior
19%
Breaking Me Topic, A7S
19%
Hypnotized Purple Disco Machine & Sophie And The Giants
18%
What's Love Got To Do With It Kygo Feat. Tina Turner
17%
Supalonely Benee feat. Gus Dapperton
13%
Der Letzte Tanz Bosse
13%
Head Shoulders Knees & Toes Ofenbach & Quarterhead feat. Norma Jean Mertine
12%
Roses Saint Jhn (Imanbek Remix)
12%
Paradise Meduza feat. Dermot Kennedy
11%
What You Know Bout Love Pop Smoke
10%
Lemonade Internet Money feat. Gunnar, Don Toliver & Nav
9%
Head & Heart Joel Corry feat. Mnek
9%
For A Second Michael Schulte
9%
Some Say Nea (Felix Jaehn Remix)
9%
Giants Dermot Kennedy
8%
Hollywood LA Vision & Gigi D'Agostino
7%
Ily (I Love You Baby) Surf Mesa feat. Emilee
7%
Living In A Ghost Town The Rolling Stones
7%
Talk To Your Body Rea Garvey
6%
Lovefool twocolors
6%
What If I Told You That I Love You Ali Gatie
4%
Goosebumps Hvme
4%
Jerusalema Master KG feat. Nomcebo Zikode
4%
Miss You Jax Jones & Au/Ra
3%
Keine übereinstimmenden Quizze gefunden
Verteilung der Resultate
Anzahl Personen mit jedem Resultat
Perzentil nach korrekt beantworteten Fragen
Ihre Resultats-Entwicklung
Sie haben dieses Quiz noch nicht gespielt